| 000 | 00986nam a22002655a 4500 | ||
|---|---|---|---|
| 003 | OSt | ||
| 005 | 20170618133006.0 | ||
| 008 | 170615s2014 ua a grb 000 0 ara d | ||
| 017 | _a2013 / 17928 | ||
| 020 | _a9879774280443 | ||
| 040 |
_aEG-ScBUE _bara _cEG-ScBUE |
||
| 043 | _af-ua--- | ||
| 082 | 0 | 4 |
_222 _a305.569 _bم ح م |
| 100 | 1 |
_aمحمود، مصطفى، _d1921-2009. _934614 |
|
| 245 | 1 | 2 |
_aالعشوائيات وثقافة الفقر : _bدور الدولة وآليات المواجهة / _cمصطفى محمود. |
| 250 | _aط. 2. | ||
| 260 |
_aالقاهرة : _bمصر العربية للنشر والتوزيع، _c2014. |
||
| 300 |
_a262 ص. : _bإيض. ؛ _c24 سم. |
||
| 504 | _aيشتمل على إرجاعات ببليوجرافية. | ||
| 590 | _aدعاء | ||
| 650 | 0 |
_aالمناطق السكنية العشوائية _xجوانب اجتماعية _zمصر. _2BUEsh |
|
| 650 | 0 |
_aالفقر _xوقاية _2BUEsh |
|
| 653 |
_bBUSBOL _cJune2017 |
||
| 942 | _2ddc | ||
| 999 |
_c24913 _d24885 |
||